000 00239 a2200097 4500
001 36612
100 _aMc Farland D
245 _aThe Guinness book of world records
260 _aSpain
_bGuinness publishing press
_c
090 _c23664
_d23664
942 _aNUST-CAE
_cM
_c15185
999 _c271685
_d271685